Grundbegriffe der Kultur und Kommunikation

Saved in:
Bibliographic Details
Main Author: Kucharová, Jana, 1981-
Corporate Author: Ekonomická univerzita v Bratislave. Fakulta aplikovaných jazykov
Other Authors: Kunovská, Ingrid, 1976-, Hahn, Richard, Liashuk, Xénia
Format: Book
Language:German
Published: Bratislava Vydavateľstvo EKONÓM 2017
Edition:1. vyd.
Subjects:
Tags: Add Tag
No Tags, Be the first to tag this record!

MARC

LEADER 00000nam a2200000 4500
001 0228630
005 20240502073747.6
020 |a 978-80-225-4358-3 
041 0 |a ger 
044 |a SK 
245 1 0 |a Grundbegriffe der Kultur und Kommunikation  |c Jana Kucharová, Ingrid Kunovská ; recenzenti: Richard Hahn, Xénia Liashuk 
250 |a 1. vyd. 
264 1 |a Bratislava  |b Vydavateľstvo EKONÓM  |c 2017 
300 |a 129 s. [7,03 AH] 
610 2 0 |a jazyky cudzie 
610 2 0 |a nemčina 
610 2 0 |a kultúra 
610 2 0 |a komunikácia interkultúrna 
100 1 |a Kucharová, Jana, 1981- 
700 1 |a Kunovská, Ingrid, 1976- 
700 1 |a Hahn, Richard 
700 1 |a Liashuk, Xénia 
710 2 |a Ekonomická univerzita v Bratislave. Fakulta aplikovaných jazykov